Central Library OPAC University of Rajshahi

Journey through despair, 1880-1914 : (Record no. 18191)

MARC details
000 -LEADER
fixed length control field 01042cam a2200277 4500
001 - CONTROL NUMBER
control field 18191
003 - CONTROL NUMBER IDENTIFIER
rucl marc code BD-RjUL
005 - DATE AND TIME OF LATEST TRANSACTION
control field 20211209000241.0
008 - FIXED-LENGTH DATA ELEMENTS--GENERAL INFORMATION
fixed length control field 140219s1968 nju b 001 0 eng
035 ## - SYSTEM CONTROL NUMBER
System control number (BD-RjUL)18249
040 ## - CATALOGING SOURCE
Original cataloging agency DLC
Transcribing agency DLC
Modifying agency DLC
-- BD-RjUL
Language of cataloging eng
041 ## - LANGUAGE CODE
Language code of text/sound track or separate title eng
082 00 - DEWEY DECIMAL CLASSIFICATION NUMBER
Classification number 820.9008
Author mark and year LEJ 1968
100 1# - MAIN ENTRY--PERSONAL NAME
Personal name Lester, John A.
Fuller form of name (John Ashby),
Dates associated with a name 1915-
9 (RLIN) 56007
245 10 - TITLE STATEMENT
Title Journey through despair, 1880-1914 :
Remainder of title Transformations in British literary culture /
Statement of responsibility, etc. by John A. Lester, Jr.
260 ## - PUBLICATION, DISTRIBUTION, ETC. (IMPRINT)
Place of publication, distribution, etc. Princeton, N.J. :
Name of publisher, distributor, etc. Princeton University Press,
Date of publication, distribution, etc. 1968.
300 ## - PHYSICAL DESCRIPTION
Pagination xxiii, 211 p. ;
Size 23 cm.
504 ## - BIBLIOGRAPHY, ETC. NOTE
Bibliography, etc Includes bibliographical references and index.
650 #0 - SUBJECT ADDED ENTRY--TOPICAL TERM
Topical term or geographic name as entry element English literature
Chronological subdivision 19th century
General subdivision History and criticism.
9 (RLIN) 3006
Topical term or geographic name as entry element English literature
Chronological subdivision 20th century
General subdivision History and criticism.
9 (RLIN) 55220
651 #0 - SUBJECT ADDED ENTRY--GEOGRAPHIC NAME
Geographic name Great Britain
General subdivision Intellectual life
Chronological subdivision 19th century.
9 (RLIN) 56008
Geographic name Great Britain
General subdivision Intellectual life
Chronological subdivision 20th century.
9 (RLIN) 56009
942 ## - ADDED ENTRY ELEMENTS (KOHA)
Source of classification or shelving scheme Dewey Decimal Classification
Koha item type Books
Holdings
Lost status Source of classification or shelving scheme Damaged status Not for loan Collection code Permanent Location Current Location Shelving location Date acquired Source of acquisition Total Checkouts Full call number Date last seen Copy number Koha item type
  Dewey Decimal Classification     Non-fiction Central Library, University of Rajshahi Central Library, University of Rajshahi   08/06/1977 W. U. S   820.9008 LEJ 1968 19/02/2014 C-2 Books
  Dewey Decimal Classification   Not For Loan Non-fiction Central Library, University of Rajshahi Central Library, University of Rajshahi Reading Room 08/06/1977 W.U.S.   820.9008 LEJ 1968 24/02/2020 C-1 Books